[Event "12th ChessMates International, York"]
[Site "York Guildhall"]
[Date "2025.03.21"]
[Round "1.1"]
[White "Badacsonyi, Stanley"]
[Black "Thorisson, Benedikt"]
[Result "1/2-1/2"]
[WhiteElo "2334"]
[BlackElo "2065"]
[PlyCount "90"]
[EventDate "2025.??.??"]
[WhiteTeam "England"]
[BlackTeam "Iceland"]
[WhiteTeamCountry "ENG"]
[BlackTeamCountry "ISL"]

1. d4 Nf6 2. c4 g6 3. Nc3 d5 4. Nf3 Bg7 5. h4 dxc4 6. e4 c5 7. h5 O-O 8. h6 Bh8
9. d5 b5 10. Qc2 Na6 11. a3 Qa5 12. Bd2 Nb4 13. Qb1 Nd3+ 14. Bxd3 cxd3 15. b4
Qb6 16. bxc5 Qxc5 17. Qxd3 Ng4 18. O-O Ba6 19. Qe2 Rac8 20. Rfc1 Qd6 21. Qe1
Bd4 22. Nd1 Bxa1 23. Rxa1 f5 24. Bb4 Qf4 25. exf5 Qxf5 26. Qxe7 Qf6 27. Qxf6
Rxf6 28. Nc3 Bb7 29. Rd1 a6 30. Ne4 Rf5 31. Nd6 Rxd5 32. Re1 Rxd6 33. Bxd6 Bxf3
34. gxf3 Nxh6 35. Bb4 Nf5 36. Re4 Kf7 37. Re5 Rc7 38. Rd5 Ke6 39. Rd8 Ke5 40.
Kg2 Rc2 41. Re8+ Kf4 42. Re4+ Kg5 43. Re6 Nh4+ 44. Kg3 Nf5+ 45. Kg2 Nh4+
1/2-1/2

[Event "12th ChessMates International, York"]
[Site "York Guildhall"]
[Date "2025.03.21"]
[Round "1.2"]
[White "Gudmundsson, Gunnar Erik"]
[Black "Dasgupta, Avyukt"]
[Result "0-1"]
[WhiteElo "2044"]
[BlackElo "2156"]
[PlyCount "130"]
[EventDate "2025.??.??"]
[WhiteTeam "Iceland"]
[BlackTeam "England"]
[WhiteTeamCountry "ISL"]
[BlackTeamCountry "ENG"]

1. d4 Nf6 2. c4 e6 3. Nf3 Bb4+ 4. Bd2 Qe7 5. e3 b6 6. Bd3 Bb7 7. O-O O-O 8. a3
Bxd2 9. Nbxd2 d6 10. e4 e5 11. d5 Bc8 12. Re1 Nh5 13. g3 Bg4 14. b4 a5 15. Qc2
Na6 16. Qc3 Bxf3 17. Nxf3 Nb8 18. c5 bxc5 19. bxa5 c6 20. Bc4 Nf6 21. dxc6 Nxc6
22. a6 Qc7 23. Qd3 Nd7 24. Rab1 Ra7 25. Rb2 Na5 26. Rd1 Nxc4 27. Qxc4 Qc6 28.
Rb7 Nb6 29. Qd3 Rxb7 30. axb7 Qxb7 31. Qxd6 Nc4 32. Qxc5 Qxe4 33. Ng5 Qg4 34.
Re1 Nd2 35. h4 h6 36. Qc2 hxg5 37. Qxd2 gxh4 38. Re3 Rb8 39. Kh2 Qg5 40. Qe2
hxg3+ 41. Rxg3 Qh4+ 42. Rh3 Qf4+ 43. Kg2 Rb6 44. Qc2 Rg6+ 45. Rg3 Rh6 46. Qc8+
Kh7 47. Qg4 Qxg4 48. Rxg4 Ra6 49. a4 f5 50. Rb4 Kg6 51. Rb5 e4 52. a5 Kg5 53.
Kg3 g6 54. Kh3 Kf4 55. Rb6 Rxa5 56. Rxg6 Kf3 57. Rg2 f4 58. Kh2 Ra2 59. Kg1
Ra1+ 60. Kh2 Rf1 61. Rg1 Rxg1 62. Kxg1 Ke2 63. Kg2 e3 64. fxe3 f3+ 65. Kg3 f2
0-1

[Event "12th ChessMates International, York"]
[Site "York Guildhall"]
[Date "2025.03.21"]
[Round "1.3"]
[White "Pereslavtsev, Alexandr"]
[Black "Omarsson, Adam"]
[Result "1/2-1/2"]
[WhiteElo "2095"]
[BlackElo "2073"]
[PlyCount "68"]
[EventDate "2025.??.??"]
[WhiteTeam "England"]
[BlackTeam "Iceland"]
[WhiteTeamCountry "ENG"]
[BlackTeamCountry "ISL"]

1. d4 Nf6 2. c4 g6 3. Nc3 Bg7 4. e4 d6 5. Be2 O-O 6. Be3 c5 7. d5 e6 8. Nf3
exd5 9. exd5 Bf5 10. O-O Ne4 11. Bd3 Nxc3 12. bxc3 Bg4 13. Be2 Bxf3 14. Bxf3
Nd7 15. Qb3 Rb8 16. Rab1 Ne5 17. Be2 f5 18. f4 Nd7 19. Bf3 Re8 20. Bd2 Nf6 21.
Rfe1 Qd7 22. Rxe8+ Nxe8 23. Qa3 b5 24. Be2 b4 25. cxb4 cxb4 26. Bxb4 Bd4+ 27.
Kf1 Bc5 28. Rb3 Rxb4 29. Rxb4 Qe7 30. Qb2 Qe3 31. Bf3 Qg1+ 32. Ke2 Qe3+ 33. Kf1
Qg1+ 34. Ke2 Qe3+ 1/2-1/2

[Event "12th ChessMates International, York"]
[Site "York Guildhall"]
[Date "2025.03.21"]
[Round "1.4"]
[White "Hermannsson, Sigurbjorn"]
[Black "Patel, Keatan"]
[Result "1/2-1/2"]
[WhiteElo "1849"]
[BlackElo "1985"]
[PlyCount "54"]
[EventDate "2025.??.??"]
[WhiteTeam "Iceland"]
[BlackTeam "England"]
[WhiteTeamCountry "ISL"]
[BlackTeamCountry "ENG"]

1. e4 c6 2. d4 d5 3. Nc3 dxe4 4. Nxe4 Bf5 5. Ng3 Bg6 6. h4 h6 7. Nf3 Nd7 8. h5
Bh7 9. Bd3 Bxd3 10. Qxd3 e6 11. Bd2 Ngf6 12. O-O-O Be7 13. Kb1 O-O 14. Ne4 c5
15. Rdg1 Nxe4 16. Qxe4 Nf6 17. Qd3 Qd5 18. g4 Qe4 19. g5 hxg5 20. Rxg5 c4 21.
Qxe4 Nxe4 22. Rg2 Kh7 23. Rhg1 Bf6 24. Bg5 Nxg5 25. Nxg5+ Bxg5 26. Rxg5 Rg8 27.
c3 b6 1/2-1/2

[Event "12th ChessMates International, York"]
[Site "York Guildhall"]
[Date "2025.03.21"]
[Round "1.5"]
[White "Marsden, Samuel"]
[Black "Johannsson, Markus Orri"]
[Result "1-0"]
[WhiteElo "2049"]
[BlackElo "1871"]
[PlyCount "107"]
[EventDate "2025.??.??"]
[WhiteTeam "England"]
[BlackTeam "Iceland"]
[WhiteTeamCountry "ENG"]
[BlackTeamCountry "ISL"]

1. e4 c5 2. Nc3 Nc6 3. Bb5 g6 4. Bxc6 bxc6 5. f4 Bg7 6. Nf3 e6 7. O-O Ne7 8. e5
Nd5 9. Ne4 O-O 10. d3 Qe7 11. c4 f5 12. Nd6 Nc7 13. Be3 Na6 14. Nd2 Qd8 15. Nb3
Qb6 16. Qe2 Rb8 17. Rab1 Rd8 18. Nxc5 Nxc5 19. b4 a5 20. Bxc5 Qc7 21. bxa5 Rxb1
22. Rxb1 Ba6 23. Bb6 Qb8 24. Qc2 Rf8 25. Bc5 Qc7 26. Rb6 Ra8 27. Qb3 g5 28. g3
gxf4 29. gxf4 Bf8 30. Kf2 Qd8 31. Kg3 Bxd6 32. Bxd6 Bc8 33. Bb4 Kf7 34. Qd1
Qg8+ 35. Kh4 Qd8+ 36. Kh3 Kg6 37. Qf3 Ba6 38. Kg2 h5 39. Qg3+ Kh6 40. h4 Bc8
41. a3 Ba6 42. Kf2 Bc8 43. Ke3 Ba6 44. Qg5+ Qxg5 45. fxg5+ Kg6 46. Kd4 Bc8 47.
Bd2 Ba6 48. Rb1 Kf7 49. Kc5 Ke7 50. g6 d6+ 51. exd6+ Kd7 52. g7 e5 53. Rg1 Rg8
54. Rg6 1-0

[Event "12th ChessMates International, York"]
[Site "York Guildhall"]
[Date "2025.03.21"]
[Round "1.6"]
[White "Briem, Gudrun Fanney"]
[Black "Welling, Zac"]
[Result "1-0"]
[WhiteElo "1868"]
[BlackElo "1976"]
[PlyCount "76"]
[EventDate "2025.??.??"]
[WhiteTeam "Iceland"]
[BlackTeam "England"]
[WhiteTeamCountry "ISL"]
[BlackTeamCountry "ENG"]

1. e4 c5 2. Nf3 d6 3. d4 cxd4 4. Nxd4 Nf6 5. Nc3 a6 6. a3 e5 7. Nf5 Bxf5 8.
exf5 d5 9. Bg5 d4 10. Ne4 Be7 11. Bxf6 Bxf6 12. Bd3 Nc6 13. Qf3 Rc8 14. g4 Be7
15. Ke2 h6 16. h4 Bxh4 17. Rxh4 Qxh4 18. f6 h5 19. fxg7 Rg8 20. Nd6+ Kd7 21.
Nxc8 Kxc8 22. Rh1 Qe7 23. Qf5+ Kc7 24. Qh7 Qe8 25. gxh5 e4 26. Qxe4 Qd7 27.
Qf4+ Kb6 28. h6 Re8+ 29. Kd2 Ne5 30. Qxe5 Rxe5 31. g8=Q Qd5 32. Re1 Rxe1 33.
Kxe1 Qh1+ 34. Ke2 Qh5+ 35. Kf1 Qxh6 36. Qd8+ Ka7 37. Qxd4+ Kb8 38. Qe5+ Ka8 1-0

[Event "12th ChessMates International, York"]
[Site "York Guildhall"]
[Date "2025.03.21"]
[Round "1.7"]
[White "Lebedev, Lion"]
[Black "B. Berglindardottir, Emilia Embla"]
[Result "1-0"]
[WhiteElo "2038"]
[BlackElo "1619"]
[PlyCount "79"]
[EventDate "2025.??.??"]
[WhiteTeam "England"]
[BlackTeam "Iceland"]
[WhiteTeamCountry "ENG"]
[BlackTeamCountry "ISL"]

1. e4 e6 2. d4 d5 3. Nc3 dxe4 4. Nxe4 Bd7 5. Bd3 Bc6 6. Nf3 Nd7 7. Qe2 Ngf6 8.
c3 Nxe4 9. Bxe4 Bxe4 10. Qxe4 c6 11. Bf4 Nf6 12. Qe2 Be7 13. O-O O-O 14. a4 a5
15. Ne5 Bd6 16. Bg5 Be7 17. Rfd1 Nd5 18. Bxe7 Qxe7 19. c4 Nf6 20. c5 Rfd8 21.
Ra3 Nd5 22. Rf3 f6 23. Nc4 Rd7 24. Re1 Re8 25. Nd6 Rxd6 26. cxd6 Qxd6 27. Qd2
Nb4 28. Re4 c5 29. Rg4 f5 30. Rh4 Nc6 31. Rfh3 Nxd4 32. Qe3 f4 33. Qd3 h6 34.
Kf1 e5 35. Rh5 e4 36. Qc4+ Kf8 37. Rd5 Qe7 38. Rxc5 Nc6 39. Rf5+ Qf7 40. Qxf7#
1-0

[Event "12th ChessMates International, York"]
[Site "York Guildhall"]
[Date "2025.03.21"]
[Round "1.8"]
[White "Alguno Openia, Tristan Nash"]
[Black "Ashton, Alannah"]
[Result "1/2-1/2"]
[WhiteElo "1576"]
[BlackElo "1863"]
[PlyCount "82"]
[EventDate "2025.??.??"]
[WhiteTeam "Iceland"]
[BlackTeam "England"]
[WhiteTeamCountry "ISL"]
[BlackTeamCountry "ENG"]

1. d4 Nf6 2. c4 g6 3. Nc3 d5 4. cxd5 Nxd5 5. e4 Nxc3 6. bxc3 Bg7 7. Be3 c5 8.
Qd2 O-O 9. Rd1 Qa5 10. Bc4 Rd8 11. Ne2 Nc6 12. O-O e6 13. Qb2 cxd4 14. cxd4 a6
15. e5 b5 16. Bb3 Bb7 17. Rd2 Nb4 18. Nf4 Nd5 19. Nxd5 Bxd5 20. Bxd5 Rxd5 21.
Rc2 Qd8 22. g3 f6 23. f4 Bh6 24. Rc6 fxe5 25. dxe5 Qd7 26. Rfc1 Rd1+ 27. Kf2
Rh1 28. Rxh1 Qxc6 29. Rc1 Qd5 30. Qb3 Qxb3 31. axb3 Bf8 32. Rc6 Kf7 33. Bc5
Bxc5+ 34. Rxc5 h5 35. b4 a5 36. bxa5 Rxa5 37. Kg2 Ra2+ 38. Kh3 b4 39. Rb5 Rb2
40. Rb7+ Ke8 41. Rb6 Kf7 1/2-1/2

[Event "12th ChessMates International, York"]
[Site "York Guildhall"]
[Date "2025.03.21"]
[Round "1.9"]
[White "Verbytski, Oleg"]
[Black "Jonsson, Tristan Fannar"]
[Result "1-0"]
[WhiteElo "2111"]
[BlackElo "1557"]
[PlyCount "93"]
[EventDate "2025.??.??"]
[WhiteTeam "England"]
[BlackTeam "Iceland"]
[WhiteTeamCountry "ENG"]
[BlackTeamCountry "ISL"]

1. e4 e5 2. Nf3 Nc6 3. Bc4 Nf6 4. d3 Bc5 5. c3 d6 6. a4 a6 7. O-O h6 8. Re1 Bg4
9. Nbd2 O-O 10. h3 Bh5 11. Nf1 Re8 12. Ng3 Bg6 13. b4 Bb6 14. Qb3 Qe7 15. Ra2
Nh5 16. Nf1 Nd8 17. Be3 Bxe3 18. fxe3 Rb8 19. a5 Ne6 20. Rf2 Nf6 21. Ng3 Nd7
22. Ref1 c5 23. Qa2 Rbc8 24. Kh1 Rc7 25. Nh2 Rcc8 26. Ng4 h5 27. Nh2 h4 28. Nf5
Bxf5 29. Rxf5 Nf6 30. Rxf6 gxf6 31. Ng4 Rf8 32. Qe2 Ng5 33. Nh6+ Kh8 34. Qh5
Nh7 35. Nxf7+ Rxf7 36. Bxf7 Rf8 37. Bg6 Qg7 38. Rf5 Rg8 39. Rxf6 cxb4 40. cxb4
Rc8 41. Rf7 Rc1+ 42. Kh2 Rc7 43. Rxg7 Rxg7 44. Bxh7 Rxh7 45. Qe8+ Kg7 46. Qe7+
Kh8 47. Qf8# 1-0

[Event "12th ChessMates International, York"]
[Site "York Guildhall"]
[Date "2025.03.21"]
[Round "1.10"]
[White "Tomasdottir, Katrin Osk"]
[Black "Norris, Zack"]
[Result "0-1"]
[WhiteElo "1611"]
[BlackElo "1929"]
[PlyCount "42"]
[EventDate "2025.??.??"]
[WhiteTeam "Iceland"]
[BlackTeam "England"]
[WhiteTeamCountry "ISL"]
[BlackTeamCountry "ENG"]

1. d4 Nf6 2. c4 g6 3. Nc3 Bg7 4. Nf3 O-O 5. Bg5 d6 6. e3 c5 7. Qc2 cxd4 8. Nxd4
Nc6 9. Nf3 Qa5 10. h3 Bf5 11. Bd3 Nb4 12. Qb3 Nxd3+ 13. Ke2 Nc5 14. Qd1 Bd3+
15. Ke1 Bxc4 16. Qd4 Nd3+ 17. Kd2 d5 18. b3 Ne4+ 19. Kc2 Bxd4 20. exd4 Qxc3+
21. Kd1 Ndxf2# 0-1

[Event "12th ChessMates International, York"]
[Site "York Guildhall"]
[Date "2025.03.21"]
[Round "1.11"]
[White "Sheahan, Ben"]
[Black "Shnurov, Daniil"]
[Result "1/2-1/2"]
[WhiteElo "2044"]
[BlackElo "2164"]
[PlyCount "49"]
[EventDate "2025.??.??"]
[WhiteTeam "Ireland"]
[BlackTeam "Estonia"]
[WhiteTeamCountry "IRL"]
[BlackTeamCountry "EST"]

1. d4 d5 2. c4 e6 3. Nc3 Nf6 4. cxd5 exd5 5. Bg5 c6 6. Qc2 Be7 7. e3 O-O 8. Bd3
h6 9. Bh4 Ne8 10. Bxe7 Qxe7 11. Nf3 Nd6 12. O-O Nd7 13. b4 Nb6 14. b5 Nbc4 15.
bxc6 bxc6 16. e4 Be6 17. e5 Nb5 18. Bxc4 Na3 19. Qd3 Nxc4 20. Na4 Bg4 21. Nd2
Qb4 22. Nxc4 dxc4 23. Qc2 c3 24. Nxc3 Qxd4 25. Rfe1 1/2-1/2

[Event "12th ChessMates International, York"]
[Site "York Guildhall"]
[Date "2025.03.21"]
[Round "1.12"]
[White "Blokhin, Sofia"]
[Black "O`reilly, Conor"]
[Result "1-0"]
[WhiteElo "2020"]
[BlackElo "1924"]
[PlyCount "85"]
[EventDate "2025.??.??"]
[WhiteTeam "Estonia"]
[BlackTeam "Ireland"]
[WhiteTeamCountry "EST"]
[BlackTeamCountry "IRL"]

1. e4 e5 2. Nc3 Nf6 3. Bc4 Nc6 4. d3 Bb4 5. Nge2 d5 6. exd5 Nxd5 7. O-O Nxc3 8.
bxc3 Be7 9. a4 O-O 10. f4 exf4 11. Bxf4 Na5 12. Ba2 Bf6 13. d4 Bg4 14. h3 Bh5
15. Qd2 c5 16. g4 Bg6 17. g5 Be7 18. h4 cxd4 19. cxd4 Rc8 20. c3 Qd7 21. Bg3
Nc4 22. Bxc4 Rxc4 23. Nf4 Rfc8 24. Rf3 Rxa4 25. Raf1 Rac4 26. h5 Bf5 27. Ng2
Bg4 28. Rxf7 Bxh5 29. Qf2 Qe6 30. Rf5 Bg6 31. Re5 Qd7 32. Nf4 Bf7 33. Nd3 Bd6
34. Rf5 Bg6 35. Bxd6 Qxd6 36. Re5 Rxc3 37. Nc5 Rc2 38. Qf4 b6 39. Re8+ Rxe8 40.
Qxd6 bxc5 41. Qd5+ Kh8 42. dxc5 Rc8 43. Qd6 1-0

[Event "12th ChessMates International, York"]
[Site "York Guildhall"]
[Date "2025.03.21"]
[Round "1.13"]
[White "Woods, Christopher"]
[Black "Gorkov, Kirill"]
[Result "0-1"]
[WhiteElo "1972"]
[BlackElo "2086"]
[PlyCount "104"]
[EventDate "2025.??.??"]
[WhiteTeam "Ireland"]
[BlackTeam "Estonia"]
[WhiteTeamCountry "IRL"]
[BlackTeamCountry "EST"]

1. e4 c5 2. Nc3 Nc6 3. Bb5 g6 4. Bxc6 bxc6 5. d3 Bg7 6. f4 d5 7. Nf3 Bxc3+ 8.
bxc3 dxe4 9. dxe4 Qxd1+ 10. Kxd1 Nf6 11. Re1 Bg4 12. Kd2 Bxf3 13. gxf3 O-O-O+
14. Ke3 Nd7 15. Ba3 Kc7 16. Rab1 Rb8 17. Rb3 Rb5 18. Reb1 Rhb8 19. Rxb5 cxb5
20. h4 Rb6 21. Bb2 Ra6 22. Bc1 Rxa2 23. Rxb5 Rxc2 24. Bd2 c4 25. h5 a6 26. hxg6
hxg6 27. Ra5 Kb6 28. Ra4 a5 29. Rxc4 Nc5 30. Rd4 Nb3 31. Rd8 Nxd2 32. Kd3 Ra2
33. Rd7 Nxf3 34. Rxe7 Ne1+ 35. Kc4 Kc6 36. Rxf7 Ra4+ 37. Kb3 Rxe4 38. Rf6+ Kb5
39. Rxg6 Nd3 40. Rg8 Nc5+ 41. Ka3 Ra4+ 42. Kb2 Rxf4 43. Ra8 Rf2+ 44. Ka3 Rc2
45. Rb8+ Kc4 46. Ra8 Rxc3+ 47. Ka2 a4 48. Ka1 Kb3 49. Kb1 Nd3 50. Rb8+ Ka3 51.
Rc8 Rxc8 52. Ka1 Rc1# 0-1

[Event "12th ChessMates International, York"]
[Site "York Guildhall"]
[Date "2025.03.21"]
[Round "1.14"]
[White "Rajandu, Aaron"]
[Black "Arun, Nitish"]
[Result "1/2-1/2"]
[WhiteElo "1869"]
[BlackElo "1967"]
[PlyCount "121"]
[EventDate "2025.??.??"]
[WhiteTeam "Estonia"]
[BlackTeam "Ireland"]
[WhiteTeamCountry "EST"]
[BlackTeamCountry "IRL"]

1. d4 Nf6 2. Bf4 e6 3. e3 b6 4. Nd2 Bb7 5. Ngf3 d5 6. Ne5 Bd6 7. Bd3 Nbd7 8.
O-O Bxe5 9. dxe5 Ne4 10. c3 Nxd2 11. Qxd2 Qe7 12. Qe2 h5 13. h3 Nc5 14. a4 a5
15. Rfb1 Ba6 16. Bxa6 Nxa6 17. e4 Nc5 18. exd5 exd5 19. Rd1 c6 20. Qe3 O-O 21.
Qf3 g6 22. Qe3 Ne6 23. Bg3 Rfb8 24. Kh1 Rb7 25. f4 Ng7 26. Bf2 Nf5 27. Qf3 Nh4
28. Qd3 Kg7 29. g3 Nf5 30. Kg2 Qe6 31. Rh1 Nh6 32. Rag1 Qf5 33. Qxf5 gxf5 34.
Kf1 b5 35. Bc5 bxa4 36. Ba3 c5 37. g4 hxg4 38. hxg4 Nxg4 39. Rh5 Ra6 40. Rgh1
Rh6 41. Rg5+ Rg6 42. Rgh5 Nh6 43. Kf2 Rb3 44. Ke2 d4 45. cxd4 cxd4 46. Be7 d3+
47. Ke3 Rxb2 48. Bg5 Rbb6 49. Bf6+ Kh7 50. Rxf5 a3 51. Rfh5 a2 52. f5 Rgxf6 53.
exf6 Rxf6 54. Kxd3 Rb6 55. f6 Rxf6 56. Rxa5 Rf2 57. Rah5 Rf6 58. Ra5 Rf2 59.
Rah5 Rf6 60. Ra5 Rf2 61. Ke4 1/2-1/2

[Event "12th ChessMates International, York"]
[Site "York Guildhall"]
[Date "2025.03.21"]
[Round "1.15"]
[White "Barnes, Oliver"]
[Black "Magi, Ramon"]
[Result "1-0"]
[WhiteElo "2027"]
[BlackElo "1798"]
[PlyCount "131"]
[EventDate "2025.??.??"]
[WhiteTeam "Ireland"]
[BlackTeam "Estonia"]
[WhiteTeamCountry "IRL"]
[BlackTeamCountry "EST"]

1. e4 c5 2. Nf3 e6 3. d4 cxd4 4. Nxd4 Nc6 5. Nc3 Qc7 6. Nxc6 bxc6 7. Qf3 d5 8.
Bd3 Nf6 9. O-O Be7 10. Re1 d4 11. Nb1 e5 12. Nd2 h5 13. Nc4 h4 14. h3 Nd7 15.
c3 dxc3 16. bxc3 Nb6 17. Nb2 Be6 18. a4 a5 19. Be3 O-O 20. Qe2 Rfb8 21. Reb1
Nd7 22. Bc4 Bxc4 23. Qxc4 Nb6 24. Qe2 Nd7 25. Nd3 Rxb1+ 26. Rxb1 Rb8 27. Rxb8+
Qxb8 28. Qa2 Qd6 29. Qc4 Qc7 30. Kf1 Qb7 31. Ke2 g6 32. Kd2 Kg7 33. Kc2 Nb6 34.
Qb3 c5 35. Bxc5 Qxe4 36. Bxe7 Nd5 37. Qb5 Qe2+ 38. Kb3 Qd1+ 39. Kc4 Nxe7 40.
Qxe5+ Kf8 41. Qxa5 Qe2 42. Qd8+ Kg7 43. Qd4+ Kg8 44. Qe5 Qa2+ 45. Kb5 Qb1+ 46.
Nb4 Qf1+ 47. c4 Nf5 48. a5 Qxf2 49. Nc6 Qf1 50. a6 Qb1+ 51. Nb4 Qg1 52. Qb8+
Kh7 53. a7 Nd6+ 54. Qxd6 Qxa7 55. Qf6 Qb7+ 56. Kc5 Qa7+ 57. Kd5 Qd7+ 58. Qd6
Qf5+ 59. Kc6 Qe4+ 60. Qd5 Qe8+ 61. Kc5 Qe7+ 62. Kb5 Qe8+ 63. Nc6 Qe2 64. Qxf7+
Kh6 65. Qf4+ Kg7 66. Qe5+ 1-0

[Event "12th ChessMates International, York"]
[Site "York Guildhall"]
[Date "2025.03.21"]
[Round "1.16"]
[White "Kryshtafor, Maksym"]
[Black "Duan, Yinan"]
[Result "0-1"]
[WhiteElo "1722"]
[BlackElo "1801"]
[PlyCount "92"]
[EventDate "2025.??.??"]
[WhiteTeam "Estonia"]
[BlackTeam "Ireland"]
[WhiteTeamCountry "EST"]
[BlackTeamCountry "IRL"]

1. e4 c5 2. Nf3 Nc6 3. d4 cxd4 4. Nxd4 Nf6 5. Nc3 e5 6. Ndb5 d6 7. Bg5 a6 8.
Na3 b5 9. Nd5 Be7 10. Bxf6 Bxf6 11. c3 Bg5 12. Nc2 Rb8 13. Nce3 Be6 14. Be2 O-O
15. Qd3 Bxe3 16. Nxe3 Qc7 17. O-O a5 18. Bg4 Ne7 19. Rfd1 Rb6 20. Qe2 Qb7 21.
Nf5 Nxf5 22. exf5 Bd5 23. f3 f6 24. Qf2 Bf7 25. f4 Rb8 26. fxe5 dxe5 27. Rd2
Qc7 28. Rad1 R6b7 29. Bf3 Ra7 30. Bc6 Be8 31. Bd5+ Kf8 32. Qh4 h6 33. Rd3 Rd8
34. Qe4 Qc5+ 35. Kh1 Rad7 36. Be6 Rxd3 37. Rxd3 Qf2 38. h3 Qf1+ 39. Kh2 Rxd3
40. b4 Bc6 41. Qg4 Rd2 42. Kg3 Rxg2+ 43. Kh4 Rxg4+ 44. hxg4 Qh1+ 45. Kg3 Qg2+
46. Kh4 Qh2# 0-1

[Event "12th ChessMates International, York"]
[Site "York Guildhall"]
[Date "2025.03.21"]
[Round "1.17"]
[White "Bartczak, Korneliusz"]
[Black "Kais, Kristofer"]
[Result "1/2-1/2"]
[WhiteElo "1938"]
[BlackElo "1778"]
[PlyCount "77"]
[EventDate "2025.??.??"]
[WhiteTeam "Ireland"]
[BlackTeam "Estonia"]
[WhiteTeamCountry "IRL"]
[BlackTeamCountry "EST"]

1. e4 c5 2. Nf3 g6 3. d4 cxd4 4. Nxd4 Nc6 5. c4 Nf6 6. Nc3 Nxd4 7. Qxd4 d6 8.
Be3 Bg7 9. Be2 O-O 10. Qd2 Be6 11. O-O Qa5 12. Rab1 Rfc8 13. b3 a6 14. Rfc1
Rab8 15. f3 Nd7 16. b4 Qd8 17. Nd5 Bxd5 18. exd5 b6 19. a4 Rc7 20. f4 Qf8 21.
Rc2 Qc8 22. Rbc1 Nf6 23. Bf3 Nd7 24. Qf2 a5 25. Qd2 axb4 26. Qxb4 Nc5 27. Qb5
Ra8 28. Ra2 Rca7 29. Bxc5 Qxc5+ 30. Qxc5 bxc5 31. Bd1 Bd4+ 32. Kf1 Be3 33. Rb1
Bxf4 34. g3 Be5 35. Rb5 Bc3 36. Ke2 Bb4 37. Kd3 Kf8 38. g4 Ke8 39. Ke4 1/2-1/2

[Event "12th ChessMates International, York"]
[Site "York Guildhall"]
[Date "2025.03.21"]
[Round "1.18"]
[White "Voropaiev, Illia"]
[Black "Cole, Ethan"]
[Result "1-0"]
[WhiteElo "1730"]
[BlackElo "1900"]
[PlyCount "97"]
[EventDate "2025.??.??"]
[WhiteTeam "Estonia"]
[BlackTeam "Ireland"]
[WhiteTeamCountry "EST"]
[BlackTeamCountry "IRL"]

1. e4 e6 2. Qe2 c5 3. Nf3 Nc6 4. g3 Nf6 5. d3 Be7 6. Bg2 Qc7 7. O-O d6 8. Bf4
e5 9. Bg5 Be6 10. c3 h6 11. Bxf6 Bxf6 12. Nbd2 h5 13. h3 O-O-O 14. Qe3 Rdg8 15.
Ng5 Bxg5 16. Qxg5 f6 17. Qe3 g5 18. Kh2 Ne7 19. f4 h4 20. f5 hxg3+ 21. Kxg3 Bf7
22. b4 Rh4 23. Nf3 Rf4 24. Nh2 Rh8 25. Ng4 Ng8 26. d4 Bc4 27. Rf3 Qh7 28. Kf2
Qh4+ 29. Kg1 Rxg4 30. hxg4 Qh2+ 31. Kf2 Nh6 32. Rg3 Qh4 33. Qf3 d5 34. Rh1 dxe4
35. Qxe4 Bd5 36. Qxd5 Nxg4+ 37. Ke2 Nh2 38. Qxb7+ Kd8 39. Bc6 Rh7 40. Qb8+ Ke7
41. Qe8+ Kd6 42. bxc5+ Kc7 43. Rb1 Qh5+ 44. Qxh5 Rxh5 45. Bd5 exd4 46. cxd4 Rh4
47. Rb7+ Kd8 48. Rb8+ Kc7 49. Rgb3 1-0

[Event "12th ChessMates International, York"]
[Site "York Guildhall"]
[Date "2025.03.21"]
[Round "1.19"]
[White "White, Nicole"]
[Black "Jevglevski, Lev"]
[Result "1-0"]
[WhiteElo "1727"]
[BlackElo "1551"]
[PlyCount "93"]
[EventDate "2025.??.??"]
[WhiteTeam "Ireland"]
[BlackTeam "Estonia"]
[WhiteTeamCountry "IRL"]
[BlackTeamCountry "EST"]

1. c4 e5 2. g3 Nf6 3. Bg2 d5 4. Nf3 e4 5. Nd4 c5 6. Nc2 d4 7. d3 exd3 8. Qxd3
Nbd7 9. Nd2 Ne5 10. Qb3 Bf5 11. O-O Bd6 12. e4 dxe3 13. Nxe3 Bd7 14. Qxb7 Rb8
15. Qxa7 Nc6 16. Qa3 Nd4 17. Qd3 O-O 18. Nf3 Nxf3+ 19. Bxf3 Be5 20. Qc2 h6 21.
Rd1 Qb6 22. Rb1 Rfd8 23. b3 Nh7 24. Nd5 Qe6 25. Re1 Kh8 26. Bf4 Ng5 27. Bxg5
hxg5 28. Bg2 g6 29. Kh1 Qd6 30. Rbd1 Bf5 31. Be4 Bg4 32. f3 Bh3 33. Nf4 gxf4
34. Rxd6 Rxd6 35. g4 Rbd8 36. Bd5 f6 37. Qxg6 R6d7 38. Rxe5 fxe5 39. Qh6+ Rh7
40. Qf6+ Rg7 41. Qxd8+ Kh7 42. Qh4+ Kg6 43. Qxh3 Rh7 44. Be4+ Kf6 45. Qxh7 Kg5
46. Qg6+ Kh4 47. Qh5# 1-0

[Event "12th ChessMates International, York"]
[Site "York Guildhall"]
[Date "2025.03.21"]
[Round "1.20"]
[White "Voropaiev, Vladyslav"]
[Black "Andhurthi, Sreeyan"]
[Result "1/2-1/2"]
[WhiteElo "1478"]
[BlackElo "1631"]
[PlyCount "110"]
[EventDate "2025.??.??"]
[WhiteTeam "Estonia"]
[BlackTeam "Ireland"]
[WhiteTeamCountry "EST"]
[BlackTeamCountry "IRL"]

1. e4 c5 2. Nf3 Nc6 3. d4 cxd4 4. Nxd4 g6 5. Nc3 Bg7 6. Nxc6 bxc6 7. Bd2 Nf6 8.
Bd3 d5 9. exd5 cxd5 10. Qf3 O-O 11. O-O e5 12. Bg5 Bb7 13. Qe2 e4 14. Ba6 Qb6
15. Bxb7 Qxb7 16. Qb5 Qxb5 17. Nxb5 Rab8 18. Nc3 Rxb2 19. Bxf6 Bxf6 20. Nxd5
Bg7 21. c3 Rd8 22. Rfd1 Kf8 23. g3 Rb5 24. c4 Rc5 25. Rac1 Rdc8 26. Ne3 Ke7 27.
Re1 f5 28. Kg2 Rd8 29. Nd5+ Kf7 30. f3 Bh6 31. f4 Rdc8 32. Ne3 Rd8 33. Red1
Rxd1 34. Rxd1 Rc7 35. Rb1 Ke6 36. Rb5 Bg7 37. Ra5 Bd4 38. Ra6+ Kf7 39. Kf2 Rxc4
40. Ke2 Bxe3 41. Kxe3 Rc7 42. Kd2 Rd7+ 43. Ke2 Ke7 44. h3 Kf7 45. g4 Kg7 46.
gxf5 gxf5 47. Ra5 Rf7 48. Kf2 Kg6 49. Kg3 Kh5 50. Re5 Rg7+ 51. Kf2 Rf7 52. Kg3
Rg7+ 53. Kf2 Rf7 54. Kg3 Rg7+ 55. Kf2 Rf7 1/2-1/2

[Event "12th ChessMates International, York"]
[Site "York Guildhall"]
[Date "2025.03.21"]
[Round "1.21"]
[White "Van Batenburg, Mees"]
[Black "Rich, Aaron"]
[Result "1-0"]
[WhiteElo "2228"]
[BlackElo "1918"]
[PlyCount "97"]
[EventDate "2025.??.??"]
[WhiteTeam "Rotterdamse Schaakbond"]
[BlackTeam "Yorkshire"]

1. d4 f5 2. Nc3 Nf6 3. Bf4 e6 4. g4 Bb4 5. gxf5 O-O 6. Qd3 d5 7. O-O-O exf5 8.
f3 c6 9. Nh3 Bd6 10. Bg5 Qe8 11. e3 b5 12. Ne2 Na6 13. Kb1 Nb4 14. Qd2 a5 15.
Nef4 Na6 16. Rg1 Ra7 17. Qf2 Nh5 18. Nxh5 Qxh5 19. Nf4 Bxf4 20. Bxf4 Nc7 21.
Be5 Ne6 22. Be2 f4 23. e4 b4 24. exd5 cxd5 25. Bb5 Ba6 26. Bc6 Bb7 27. Ba4 Qf5
28. Bd7 Bc8 29. Rxg7+ Nxg7 30. Bxf5 Bxf5 31. Bd6 Rc8 32. Bc5 Rac7 33. Rg1 a4
34. Kc1 Bg6 35. Qd2 b3 36. axb3 axb3 37. cxb3 Ne6 38. b4 Ra8 39. Qf2 Ra1+ 40.
Kd2 Ra2 41. Kc3 Rc8 42. Qe2 Nxc5 43. bxc5 Kf7 44. Re1 Rca8 45. Qe7+ Kg8 46.
Qe6+ Kg7 47. Qe5+ Kf8 48. Qd6+ Kg7 49. Re7+ 1-0

[Event "12th ChessMates International, York"]
[Site "York Guildhall"]
[Date "2025.03.21"]
[Round "1.22"]
[White "Pitel, Benedikt"]
[Black "Aarts, Joaquin"]
[Result "0-1"]
[WhiteElo "1827"]
[BlackElo "1983"]
[PlyCount "46"]
[EventDate "2025.??.??"]
[WhiteTeam "Yorkshire"]
[BlackTeam "Rotterdamse Schaakbond"]

1. e4 c5 2. c3 d5 3. exd5 Nf6 4. Nf3 Nxd5 5. d4 cxd4 6. Nxd4 e5 7. Nb5 Na6 8.
Bc4 Be6 9. O-O Bc5 10. Qf3 Qd7 11. h3 Rd8 12. Rd1 f6 13. Nd2 Qc6 14. Nf1 O-O
15. a4 f5 16. Ne3 Bxe3 17. Bxd5 Bxd5 18. Qxe3 Bxg2 19. Re1 f4 20. Qe2 Bf3 21.
Qf1 Rf6 22. Kh2 Rg6 23. h4 Rg2+ 0-1